[Event "only 10 players under 2000"]
[Site "SchemingMind.com"]
[Date "2017.07.14"]
[Round "-"]
[White "Black Knight"]
[Black "ray winteringham"]
[Result "0-1"]
[WhiteCountry "USA"]
[BlackCountry "ENG"]
[WhiteElo "1342"]
[WhiteRD "58"]
[BlackElo "1456"]
[BlackRD "51"]
[GameID "416288"]

1. e4 c5 2. Nf3 Nc6 3. Nc3 e5 4. Bb5 f6 5. O-O a6 6. Bxc6 bxc6 7. d3 d5 8. Ne2 Bd6 9. b3 d4 10. c4 Ne7
11. Ba3 O-O 12. Ng3 Bg4 13. h3 Bxf3 14. Qxf3 Qa5 15. Bb2 Ng6 16. Bc1 Qc3 17. Ba3 Nf4 18. Rac1 Qxd3 19. Qxd3 Nxd3 20. Rcd1 Nf4
21. Bc1 a5 22. Nf5 Bc7 23. Bxf4 exf4 24. f3 g6 25. Ne7+ Kf7 26. Nxc6 Ra6 27. Nxd4 cxd4 28. Rxd4 Bb6 29. Rd1 Bxd4+ 30. Rxd4 Ke7
31. Kf2 Rd8 32. Rd5 Rxd5 33. exd5 Kd6 34. Ke2 Kc5 35. Kd3 a4 36. Kc3 axb3 37. Kxb3 Rb6+ 38. Kc3 Rb4 39. a3 Rxc4+ 40. Kb3 Kxd5
41. a4 Rd4 42. a5 Kc6 43. Kc3 Ra4 44. a6 Rxa6 45. Kd4 Ra4+ 46. Kc3 Ra2
0-1

[Event "only 10 players under 2000"]
[Site "SchemingMind.com"]
[Date "2017.07.14"]
[Round "-"]
[White "ray winteringham"]
[Black "Black Knight"]
[Result "1-0"]
[WhiteCountry "ENG"]
[BlackCountry "USA"]
[WhiteElo "1456"]
[WhiteRD "51"]
[BlackElo "1342"]
[BlackRD "58"]
[GameID "416289"]

1. e4 e5 2. Nf3 Nc6 3. Bb5 a6 4. Ba4 Nf6 5. d3 Bc5 6. Bxc6 dxc6 7. Be3 Bxe3 8. fxe3 Bg4 9. h3 Bxf3 10. Qxf3 O-O
11. O-O c5 12. Nc3 c6 13. Na4 b6 14. Qg3 Qe7 15. Nxb6 Rab8 16. Nc4 Nh5 17. Qxe5 Qxe5 18. Nxe5 Rxb2 19. Nxc6 Rxc2 20. Rf2 Rc3
21. Rd1 Ng3 22. e5 g6 23. Ne7+ Kh8 24. Nd5 Ra3 25. Kh2 Rd8 26. Nb6 Nf5 27. e4 Ne3 28. Rc1 Raxd3 29. Rxf7 Rd2 30. Rg1 Re8
31. Nd7 Rd8 32. Nf6 Rg8 33. Rxh7#
1-0

[Event "only 10 players under 2000"]
[Site "SchemingMind.com"]
[Date "2017.07.19"]
[Round "-"]
[White "Black Knight"]
[Black "Scooter"]
[Result "0-1"]
[WhiteCountry "USA"]
[BlackCountry "USA"]
[WhiteElo "1342"]
[WhiteRD "58"]
[BlackElo "1732"]
[BlackRD "51"]
[GameID "416570"]

1. e4 c6 2. d4 d5 3. e5 Bf5 4. Nf3 e6 5. Bd3 Bxd3 6. Qxd3 Nd7 7. Nc3 Bb4 8. Bd2 Ne7 9. O-O O-O 10. Nxd5 Nxd5
11. c4 Bxd2 12. Nxd2 Ne7 13. Nf3 Ng6 14. g3 Ndxe5 15. Nxe5 Nxe5 16. Qc3 Nd7 17. a4 Nf6 18. f3 Qb6 19. c5 Qc7 20. Rfd1 Nd5
21. Qd2 Rad8 22. b4 b6 23. b5 cxb5 24. axb5 bxc5 25. Rdb1 cxd4 26. Rc1 Qe5 27. Re1 Ne3 28. f4 Qxb5 29. Rxa7 Rd7 30. Ra5 Nc4
31. Rxb5 Nxd2 32. Rd1 Ne4 33. Re1 Nd2 34. Rd1 Ne4 35. Rc5 Nxc5
0-1

[Event "only 10 players under 2000"]
[Site "SchemingMind.com"]
[Date "2017.07.19"]
[Round "-"]
[White "Scooter"]
[Black "Black Knight"]
[Result "1-0"]
[WhiteCountry "USA"]
[BlackCountry "USA"]
[WhiteElo "1732"]
[WhiteRD "51"]
[BlackElo "1342"]
[BlackRD "58"]
[GameID "416571"]

1. d4 d5 2. Bf4 Nf6 3. Nf3 Bf5 4. e3 Bg4 5. Be2 e6 6. O-O Bd6 7. Bxd6 Qxd6 8. c3 O-O 9. Nbd2 a5 10. h3 Bxf3
11. Bxf3 Nc6 12. Re1 Rfe8 13. e4 dxe4 14. Nxe4 Nxe4 15. Bxe4 f5 16. Bxc6 Qxc6 17. Re5 b6 18. Qe2 Re7 19. Re1 Rae8 20. d5 Qd6
21. dxe6 Rxe6 22. Rxe6 Rxe6 23. Qxe6+ Qxe6 24. Rxe6 Kf7 25. Re5 g6 26. f4 Kf6 27. Kf2 h5 28. h4
1-0

[Event "only 10 players under 2000"]
[Site "SchemingMind.com"]
[Date "2017.07.19"]
[Round "-"]
[White "Scooter"]
[Black "ray winteringham"]
[Result "1-0"]
[WhiteCountry "USA"]
[BlackCountry "ENG"]
[WhiteElo "1711"]
[WhiteRD "52"]
[BlackElo "1468"]
[BlackRD "51"]
[GameID "416572"]

1. d4 d5 2. Bf4 Bf5 3. e3 e6 4. Nf3 Bd6 5. Bxd6 Qxd6 6. c3 Nf6 7. Bd3 Bxd3 8. Qxd3 c6 9. O-O Ng4 10. Nbd2 O-O
11. h3 Nf6 12. e4 dxe4 13. Nxe4 Nxe4 14. Qxe4 Nd7 15. Rfe1 Nf6 16. Qe5 Qd5 17. Qxd5 Nxd5 18. Ne5 Rad8 19. g3 h6 20. Rad1 a6
21. c4 Nf6 22. b4 Rd6 23. Rd3 Rfd8 24. Red1 Ne4 25. Kg2 f6 26. Ng4 Kf7 27. h4 f5 28. Ne5+ Kf6 29. f3 Nc3 30. Rxc3 Rxd4
31. Rxd4 Rxd4 32. Nd3 e5 33. Kf2 b5 34. cxb5 cxb5 35. Ke3 g6 36. Rc6+ Ke7 37. Rxg6
1-0

[Event "only 10 players under 2000"]
[Site "SchemingMind.com"]
[Date "2017.07.19"]
[Round "-"]
[White "ray winteringham"]
[Black "Scooter"]
[Result "0-1"]
[WhiteCountry "ENG"]
[BlackCountry "USA"]
[WhiteElo "1456"]
[WhiteRD "51"]
[BlackElo "1732"]
[BlackRD "51"]
[GameID "416573"]

1. e4 c6 2. Nf3 d5 3. exd5 cxd5 4. d4 Bg4 5. Be2 Nf6 6. O-O g6 7. h3 Bxf3 8. Bxf3 Bg7 9. c4 e6 10. c5 Nc6
11. a3 O-O 12. Be3 b6 13. b4 bxc5 14. bxc5 Nd7 15. Nc3 Nxc5 16. dxc5 Bxc3 17. Rb1 Rb8 18. Qc2 Bg7 19. Rxb8 Qxb8 20. Rb1 Qc7
21. Qd3 Rb8 22. Rxb8+ Qxb8 23. Be2 Ne5 24. Qd1 Nc4 25. Bxc4 dxc4 26. Bd4 Qd8
0-1

[Event "only 10 players under 2000"]
[Site "SchemingMind.com"]
[Date "2017.08.01"]
[Round "-"]
[White "Black Knight"]
[Black "kenneth m day"]
[Result "0-1"]
[WhiteCountry "USA"]
[BlackCountry "USA"]
[WhiteElo "1343"]
[WhiteRD "58"]
[BlackElo "1690"]
[BlackRD "62"]
[GameID "416915"]

1. e4 e5 2. Nf3 Nc6 3. Bb5 f5 4. d3 fxe4 5. dxe4 Nf6 6. Bxc6 bxc6 7. O-O d6 8. Nc3 Be7 9. Re1 O-O 10. Bg5 Bg4
11. h3 Bh5 12. Qd3 Bg6 13. a3 Qd7 14. Bxf6 Bxf6 15. b4 Rad8 16. Ne2 d5 17. Qb3 Bxe4 18. Nc3 Bg6 19. Nxe5 Bxe5 20. Rxe5 Qf7
21. Rae1 Qxf2+ 22. Kh2 Bxc2 23. Qb2 Qf4+ 24. Kg1 Qd4+ 25. Kh1 Bg6 26. b5 Rf2 27. Ne2 Qxb2 28. Rg1 Qxe5
0-1

[Event "only 10 players under 2000"]
[Site "SchemingMind.com"]
[Date "2017.08.01"]
[Round "-"]
[White "kenneth m day"]
[Black "Black Knight"]
[Result "1-0"]
[WhiteCountry "USA"]
[BlackCountry "USA"]
[WhiteElo "1690"]
[WhiteRD "62"]
[BlackElo "1343"]
[BlackRD "58"]
[GameID "416916"]

1. e4 e5 2. f4 Nc6 3. Nf3 exf4 4. d4 d6 5. Bxf4 Nf6 6. Nc3 Bg4 7. Be2 Bxf3 8. Bxf3 Be7 9. O-O O-O 10. Qd2 a6
11. Rad1 Qd7 12. h3 b5 13. g4 b4 14. Nd5 Nxd5 15. exd5 Nd8 16. Be4 f6 17. Qf2 Nf7 18. Bf5 Qd8 19. Qh4 g6 20. Be6 Kg7
21. Qg3 Ng5 22. h4 Nxe6 23. dxe6 d5 24. h5 f5 25. hxg6 hxg6 26. Kg2 Rh8 27. Bxc7 Qg8 28. gxf5 Qh7 29. Rh1 Bh4 30. Be5+ Kg8
31. Qg4 Qh5 32. Rxh4 Qxh4 33. Qxg6+ Kf8 34. Qf7#
1-0

[Event "only 10 players under 2000"]
[Site "SchemingMind.com"]
[Date "2017.08.01"]
[Round "-"]
[White "Scooter"]
[Black "kenneth m day"]
[Result "1-0"]
[WhiteCountry "USA"]
[BlackCountry "USA"]
[WhiteElo "1688"]
[WhiteRD "56"]
[BlackElo "1726"]
[BlackRD "60"]
[GameID "416917"]

1. d4 Nf6 2. Nf3 d6 3. Bf4 g6 4. e3 Bg7 5. Be2 O-O 6. O-O Nbd7 7. Nbd2 c5 8. c3 b6 9. h3 Bb7 10. Rc1 Re8
11. Bg5 h6 12. Bxf6 Nxf6 13. Bb5 Rf8 14. c4 a6 15. Ba4 Rc8 16. d5 e6 17. dxe6 fxe6 18. Bc2 Kh7 19. Nh4 Ne4 20. Nxg6 Rf6
21. Nf4 d5 22. f3 Kg8 23. fxe4 dxe4 24. Bxe4 Bxe4 25. Nxe4 Qxd1 26. Nxf6+ Bxf6 27. Rcxd1 Bxb2 28. Rb1 Be5 29. Rxb6
1-0

[Event "only 10 players under 2000"]
[Site "SchemingMind.com"]
[Date "2017.08.01"]
[Round "-"]
[White "kenneth m day"]
[Black "Scooter"]
[Result "1/2-1/2"]
[WhiteCountry "USA"]
[BlackCountry "USA"]
[WhiteElo "1726"]
[WhiteRD "60"]
[BlackElo "1688"]
[BlackRD "56"]
[GameID "416918"]

1. f4 d6 2. e4 Nf6 3. Nc3 Bg4 4. Nf3 g6 5. Be2 Bg7 6. O-O O-O 7. d4 Bxf3 8. Bxf3 c6 9. g4 Nbd7 10. h4 e5
11. dxe5 dxe5 12. f5 Qb6+ 13. Kh2 Rad8 14. Qe2 Rfe8 15. Na4 Qd4 16. Nc3 Nc5 17. Be3 Qd6 18. Rad1 Qe7 19. Qf2 Bf8 20. h5 g5
21. Bxg5 Nxg4+ 22. Bxg4 Qxg5 23. a3 Kh8 24. Kh3 f6 25. Qf3 Rxd1 26. Rxd1 Be7 27. b4 Na6 28. Rd7 Qc1 29. Qd3 Qh1+ 30. Kg3 Qe1+
31. Kh3 Qh1+ 32. Kg3=
1/2-1/2

[Event "only 10 players under 2000"]
[Site "SchemingMind.com"]
[Date "2017.08.01"]
[Round "-"]
[White "kenneth m day"]
[Black "ray winteringham"]
[Result "1-0"]
[WhiteCountry "USA"]
[BlackCountry "ENG"]
[WhiteElo "1703"]
[WhiteRD "62"]
[BlackElo "1490"]
[BlackRD "53"]
[GameID "416919"]

1. e4 e5 2. f4 exf4 3. Nf3 d6 4. d4 Bg4 5. Be2 Nc6 6. Bxf4 Nf6 7. Nc3 Be7 8. Qd2 O-O 9. O-O-O Bxf3 10. Bxf3 Qc8
11. h3 h6 12. g4 Nh7 13. h4 a6 14. g5 Qe6 15. d5 Qd7 16. gxh6 g6 17. dxc6 Qxc6 18. Qd4 f6 19. Rdg1 Kf7 20. Be2 b5
21. Qd5+ Qxd5 22. Nxd5 Rac8 23. Bg4 Rb8 24. Nxc7 a5 25. Be6#
1-0

[Event "only 10 players under 2000"]
[Site "SchemingMind.com"]
[Date "2017.08.01"]
[Round "-"]
[White "ray winteringham"]
[Black "kenneth m day"]
[Result "0-1"]
[WhiteCountry "ENG"]
[BlackCountry "USA"]
[WhiteElo "1535"]
[WhiteRD "53"]
[BlackElo "1690"]
[BlackRD "62"]
[GameID "416920"]

1. e4 e5 2. Nf3 Nc6 3. Nc3 Nf6 4. Bc4 Nxe4 5. Bxf7+ Kxf7 6. Nxe4 Be7 7. c3 Rf8 8. d3 Kg8 9. Be3 d6 10. O-O Bg4
11. Qb3+ d5 12. Ned2 Rb8 13. c4 Bxf3 14. Nxf3 dxc4 15. dxc4 Kh8 16. Qc2 a6 17. a3 Bf6 18. Rad1 Qe7 19. Rfe1 Rbd8 20. b4 e4
21. Bf4 Rxd1 22. Qxd1 Bc3 23. Bd2 Bf6 24. Qc2 Qf7 25. Rxe4 Qg6 26. Be3 h6 27. Ne1 Kh7 28. h3 Ne5 29. f3 Bh4 30. Qd1 Bxe1
31. Qxe1 Nxf3+
0-1

[Event "only 10 players under 2000"]
[Site "SchemingMind.com"]
[Date "2017.08.19"]
[Round "-"]
[White "dadshane2000"]
[Black "Black Knight"]
[Result "1-0"]
[WhiteCountry "USA"]
[BlackCountry "USA"]
[WhiteElo "1858"]
[WhiteRD "92"]
[BlackElo "1343"]
[BlackRD "58"]
[GameID "417468"]

1. e4 c5 2. Nf3 g6 3. d4 cxd4 4. Nxd4 Nc6 5. c4 Bg7 6. Be3 e5 7. Nb5 a6 8. Nd6+ Ke7 9. c5 Nf6 10. Bc4 b5
11. cxb6 Nd4 12. Bxd4 exd4 13. Qxd4 Rb8 14. Nxf7 Qxb6 15. Qe5+ Kf8 16. Qd6+ Qxd6 17. Nxd6 Nxe4 18. Nxe4 Bb7 19. Nbc3 Re8 20. f3 Bxc3+
21. bxc3 Bxe4 22. fxe4 Rxe4+ 23. Be2 Kg7 24. Kd2 Rhe8 25. Rhe1 d5 26. Bd3 Rxe1 27. Rxe1 Rxe1 28. Kxe1 Kf6 29. Ke2 a5 30. h4 h5
31. Ke3 Ke5 32. Bxg6
1-0

[Event "only 10 players under 2000"]
[Site "SchemingMind.com"]
[Date "2017.08.19"]
[Round "-"]
[White "Black Knight"]
[Black "dadshane2000"]
[Result "0-1"]
[WhiteCountry "USA"]
[BlackCountry "USA"]
[WhiteElo "1378"]
[WhiteRD "57"]
[BlackElo "1836"]
[BlackRD "91"]
[GameID "417469"]

1. e4 e5 2. Nf3 Nc6 3. Bb5 a6 4. Ba4 Nf6 5. c3 Nxe4 6. d3 Nc5 7. Bxc6 dxc6 8. Be3 Nxd3+ 9. Ke2 Nxb2 10. Qxd8+ Kxd8
11. Bc1 Nc4 12. Nbd2 Nxd2 13. Bxd2 Bg4 14. Rhd1 Bd6 15. h3 Bxf3+ 16. Kxf3 h6 17. Ke2 f5 18. Kf1 Ke7 19. Rab1 b5 20. Be3 f4
21. Bc1 g5 22. f3 Ke6 23. Rb3 a5 24. Ba3 a4 25. Rbb1 Bxa3 26. Rd3 Rad8 27. Rbd1 Rd6 28. Rxd6+ cxd6
0-1

[Event "only 10 players under 2000"]
[Site "SchemingMind.com"]
[Date "2017.08.19"]
[Round "-"]
[White "dadshane2000"]
[Black "Scooter"]
[Result "1-0"]
[WhiteCountry "USA"]
[BlackCountry "USA"]
[WhiteElo "1858"]
[WhiteRD "92"]
[BlackElo "1667"]
[BlackRD "56"]
[GameID "417470"]

1. e4 c6 2. d4 d5 3. e5 Bf5 4. Nf3 e6 5. Be2 Nd7 6. O-O c5 7. c4 cxd4 8. cxd5 exd5 9. Nxd4 Bxb1 10. Rxb1 Nxe5
11. Bb5+ Nd7 12. Re1+ Ne7 13. Bf4 a6 14. Ba4 g6 15. Be5 Rg8 16. Bd6 b5 17. Bb3 Nf6 18. Bxe7 Bxe7 19. Nc6
1-0

[Event "only 10 players under 2000"]
[Site "SchemingMind.com"]
[Date "2017.08.19"]
[Round "-"]
[White "Scooter"]
[Black "dadshane2000"]
[Result "1/2-1/2"]
[WhiteCountry "USA"]
[BlackCountry "USA"]
[WhiteElo "1688"]
[WhiteRD "56"]
[BlackElo "1870"]
[BlackRD "91"]
[GameID "417471"]

1. d4 g6 2. Nf3 Bg7 3. Bf4 d6 4. e3 Nf6 5. Be2 Nh5 6. O-O Nd7 7. Nbd2 Nxf4 8. exf4 O-O 9. Re1 Nb6 10. Nc4 c6
11. Nxb6 Qxb6 12. b3 Re8 13. c3 c5 14. Rc1 Bd7 15. dxc5 Qxc5 16. Bc4 h6 17. Qd5 Qxd5 18. Bxd5 Rab8 19. c4 e6 20. Be4 f5
21. Bc2 Bc6 22. Bd1 e5 23. fxe5 dxe5 24. Nh4 Kh7 25. Bc2 e4 26. Rcd1 Bf6 27. g3 Bxh4 28. gxh4 Rbd8 29. Rxd8 Rxd8 30. Rd1 Rxd1+
31. Bxd1 Kg7 32. Kf1 Kf6 33. Ke2 Ke5 34. Ke3 f4+ 35. Kd2 f3 36. Ke3 Kf5 37. h3 g5 38. hxg5 hxg5 39. Bc2 a5 40. a3 b6
41. b4 axb4 42. axb4 Ke5 43. Bb1 Bb7 44. Bc2 Bc6=
1/2-1/2

[Event "only 10 players under 2000"]
[Site "SchemingMind.com"]
[Date "2017.08.19"]
[Round "-"]
[White "dadshane2000"]
[Black "kenneth m day"]
[Result "1-0"]
[WhiteCountry "USA"]
[BlackCountry "USA"]
[WhiteElo "1898"]
[WhiteRD "89"]
[BlackElo "1726"]
[BlackRD "63"]
[GameID "417472"]

1. e4 e5 2. Nf3 Nc6 3. Bb5 f5 4. Nc3 fxe4 5. Nxe4 Nf6 6. Nxf6+ gxf6 7. d4 Bg7 8. dxe5 O-O 9. O-O Nxe5 10. b3 a6
11. Be2 d6 12. Bb2 Bg4 13. h3 Nxf3+ 14. Bxf3 Bxf3 15. Qxf3 c6 16. c4 Qe8 17. Qg3 Kh8 18. Rfe1 Qf7 19. Qxd6 Rad8 20. Qf4 Qg6
21. Re7 Rf7 22. Qc7 Rxe7 23. Qxe7 Rd2 24. Ba3 h6 25. Bb4 Qc2 26. Bxd2 Qxd2 27. Qxb7 f5 28. Qc8+ Kh7 29. Qxf5+ Kg8 30. Qg4 Kh7
31. Rd1 Qc3 32. Qf5+ Kg8 33. Rd8+
1-0

[Event "only 10 players under 2000"]
[Site "SchemingMind.com"]
[Date "2017.08.19"]
[Round "-"]
[White "kenneth m day"]
[Black "dadshane2000"]
[Result "0-1"]
[WhiteCountry "USA"]
[BlackCountry "USA"]
[WhiteElo "1731"]
[WhiteRD "61"]
[BlackElo "1903"]
[BlackRD "89"]
[GameID "417473"]

1. e4 e5 2. f4 exf4 3. Nf3 d6 4. d4 g5 5. h4 g4 6. Ng5 f6 7. Bxf4 h6 8. Nf7 Kxf7 9. Bc4+ Ke8 10. Nc3 Nc6
11. Qd2 Nge7 12. O-O-O Ng6 13. e5 dxe5 14. dxe5 Qxd2+ 15. Bxd2 Ngxe5 16. Bb3 Nd4 17. Rhf1 Nxb3+ 18. axb3 c6 19. Ne4 Be7 20. Nxf6+ Bxf6
21. Rxf6 Ke7 22. Rdf1 Nd7 23. R6f4 h5 24. Re4+ Kd8 25. Bg5+ Kc7 26. Bf4+ Kb6 27. Rb4+ Ka5 28. c3 Nc5 29. Bc7+ b6 30. Kc2 Ka6
31. Be5 Re8 32. Bd4 Be6 33. Rf6 Bd5 34. Bxc5 bxc5 35. Ra4+ Kb6 36. Rh6 Re2+ 37. Kd3 Rxg2 38. Rxh5 Bxb3 39. Rf4 c4+ 40. Kd4 Re2
41. Re4 Rd8+ 42. Ke5 Re8+
0-1

[Event "only 10 players under 2000"]
[Site "SchemingMind.com"]
[Date "2017.08.19"]
[Round "-"]
[White "dadshane2000"]
[Black "ray winteringham"]
[Result "1-0"]
[WhiteCountry "USA"]
[BlackCountry "ENG"]
[WhiteElo "1847"]
[WhiteRD "88"]
[BlackElo "1468"]
[BlackRD "51"]
[GameID "417474"]

1. e4 e5 2. Nf3 Nc6 3. Bb5 d6 4. d4 f6 5. O-O Bd7 6. Nc3 a6 7. Ba4 b5 8. Bb3 Qe7 9. Bxg8 Rxg8 10. Nd5 Qd8
11. Re1 Ne7 12. dxe5 fxe5 13. Bg5 h6 14. Bxe7 Bxe7 15. Nxe7 Qxe7 16. Qd5 Qe6 17. Qxa8+ Kf7 18. Qd5 c6 19. Qxe6+ Bxe6 20. Red1 Ke7
21. Rd2 Rd8 22. Rad1 g5 23. Nxe5
1-0

[Event "only 10 players under 2000"]
[Site "SchemingMind.com"]
[Date "2017.08.19"]
[Round "-"]
[White "ray winteringham"]
[Black "dadshane2000"]
[Result "0-1"]
[WhiteCountry "ENG"]
[BlackCountry "USA"]
[WhiteElo "1535"]
[WhiteRD "53"]
[BlackElo "1858"]
[BlackRD "92"]
[GameID "417475"]

1. d4 g6 2. e4 Bg7 3. Nf3 d6 4. Be3 Nf6 5. Bd3 O-O 6. c3 Nc6 7. Nbd2 e5 8. d5 Ne7 9. h3 Bd7 10. Qb3 b6
11. O-O-O Qe8 12. Qc2 b5 13. Kb1 a5 14. a3 c6 15. dxc6 Bxc6 16. Nb3 a4 17. Nbd2 Nd7 18. g4 Nc5 19. Rhg1 Nxd3 20. Qxd3 Rd8
21. Qe2 f6 22. h4 h6 23. Bb6 Rd7 24. Rc1 Rb7 25. Be3 Qb8 26. Rc2 b4 27. cxb4 Bb5 28. Qe1 Bd3 29. Nc4 Bxc2+ 30. Kxc2 Rc8
31. Qe2 Rbc7 32. Nd2 Qb5 33. b3 axb3+ 34. Kxb3 d5 35. exd5 Nxd5 36. Bc5 Rxc5 37. Rc1 Nb6 38. Qe4 Nxc4 39. Nxc4 Rxc4 40. Rxc4 Qd7
41. Qxg6 Rxc4 42. Kxc4 Qc6+ 43. Kb3 Qd5+ 44. Ka4 Qa8+ 45. Kb3 Qd5+ 46. Ka4 Qa8+ 47. Kb3 Qd5+ 48. Ka4 Qd1+ 49. Kb5 Qe2+ 50. Kc6 Qa6+
51. Kd7 Qb5+ 52. Kc7 Qc4+ 53. Kd7 Qb5+ 54. Ke6 Qc6+ 55. Kf5 Qd7+ 56. Ke4 Qd4+ 57. Kf5 Qd3+
0-1

[Event "only 10 players under 2000"]
[Site "SchemingMind.com"]
[Date "2017.09.06"]
[Round "-"]
[White "Black Knight"]
[Black "buddhastalin"]
[Result "1-0"]
[WhiteCountry "USA"]
[BlackCountry "USA"]
[WhiteElo "1392"]
[WhiteRD "52"]
[BlackElo "1395"]
[BlackRD "74"]
[GameID "418119"]

1. e4 c5 2. Nf3 e6 3. Bc4 a6 4. Nc3 b5 5. Be2 Qc7 6. O-O Nc6 7. d4 cxd4 8. Nxd4 Nf6 9. Nxc6 dxc6 10. Bg5 Be7
11. Bxf6 Bxf6 12. Rb1
1-0

[Event "only 10 players under 2000"]
[Site "SchemingMind.com"]
[Date "2017.09.04"]
[Round "-"]
[White "buddhastalin"]
[Black "Black Knight"]
[Result "0-1"]
[WhiteCountry "USA"]
[BlackCountry "USA"]
[WhiteElo "1395"]
[WhiteRD "74"]
[BlackElo "1392"]
[BlackRD "52"]
[GameID "418120"]

1. e4 e5 2. Nf3 Nc6 3. d4 Nxd4 4. Nxe5 d5 5. Qxd4 f5 6. Bd3 Be6 7. exf5 Bd6 8. fxe6 Bxe5 9. Qxe5 Qe7 10. Qxd5 Rd8
11. Qb3 Rd6 12. O-O Rxe6
0-1

[Event "only 10 players under 2000"]
[Site "SchemingMind.com"]
[Date "2017.09.06"]
[Round "-"]
[White "Scooter"]
[Black "buddhastalin"]
[Result "1-0"]
[WhiteCountry "USA"]
[BlackCountry "USA"]
[WhiteElo "1688"]
[WhiteRD "56"]
[BlackElo "1395"]
[BlackRD "74"]
[GameID "418121"]

1. d4 Nf6 2. Nf3 g6 3. Bf4 Bg7 4. e3 d6 5. Be2 Nbd7 6. O-O c5 7. c3 b6 8. Nbd2 Bb7 9. h3 O-O 10. Qc2 a6
11. Bd3 cxd4 12. cxd4
1-0

[Event "only 10 players under 2000"]
[Site "SchemingMind.com"]
[Date "2017.09.04"]
[Round "-"]
[White "buddhastalin"]
[Black "Scooter"]
[Result "0-1"]
[WhiteCountry "USA"]
[BlackCountry "USA"]
[WhiteElo "1395"]
[WhiteRD "74"]
[BlackElo "1688"]
[BlackRD "56"]
[GameID "418122"]

1. e4 c6 2. d4 d5 3. Nc3 dxe4 4. Nxe4 Bf5 5. Ng3 Bg6 6. Bc4 Nf6 7. Nf3 Nbd7 8. O-O e6 9. Re1 Bd6 10. Ng5 h6
11. Nf3 O-O 12. c3 Bxg3
0-1

[Event "only 10 players under 2000"]
[Site "SchemingMind.com"]
[Date "2017.09.04"]
[Round "-"]
[White "buddhastalin"]
[Black "kenneth m day"]
[Result "0-1"]
[WhiteCountry "USA"]
[BlackCountry "USA"]
[WhiteElo "1395"]
[WhiteRD "74"]
[BlackElo "1726"]
[BlackRD "60"]
[GameID "418123"]

1. e4 e5 2. Nf3 Nc6 3. d4 exd4 4. Bc4 Nf6 5. O-O Nxe4 6. Re1 d5 7. Bxd5 Qxd5 8. Nc3 Qh5 9. Nxe4 Be6 10. Bf4 O-O-O
0-1

[Event "only 10 players under 2000"]
[Site "SchemingMind.com"]
[Date "2017.09.04"]
[Round "-"]
[White "buddhastalin"]
[Black "ray winteringham"]
[Result "0-1"]
[WhiteCountry "USA"]
[BlackCountry "ENG"]
[WhiteElo "1395"]
[WhiteRD "74"]
[BlackElo "1483"]
[BlackRD "52"]
[GameID "418125"]

1. e4 c5 2. c3 Nc6 3. d4 d6 4. Nf3 Bg4 5. Bc4 h6 6. dxc5 dxc5 7. Nbd2 e5 8. O-O Be7 9. a3 Qc7 10. Re1 Nf6
11. b4 O-O 12. h3 Bh5 13. Qc2 b6
0-1

[Event "only 10 players under 2000"]
[Site "SchemingMind.com"]
[Date "2017.09.04"]
[Round "-"]
[White "ray winteringham"]
[Black "buddhastalin"]
[Result "1-0"]
[WhiteCountry "ENG"]
[BlackCountry "USA"]
[WhiteElo "1483"]
[WhiteRD "52"]
[BlackElo "1395"]
[BlackRD "74"]
[GameID "418126"]

1. d4 Nf6 2. Nc3 d5 3. Bg5 e6 4. e4 dxe4 5. Bc4 Be7 6. Nge2 Nbd7 7. Nxe4 Nxe4 8. Bxe7 Qxe7 9. O-O Ndf6 10. d5 O-O
11. h3 exd5 12. Bxd5 Nxd5 13. Qxd5 Nf6 14. Qd1
1-0

[Event "only 10 players under 2000"]
[Site "SchemingMind.com"]
[Date "2017.09.14"]
[Round "-"]
[White "aliwood"]
[Black "dadshane2000"]
[Result "0-1"]
[WhiteCountry "ENG"]
[BlackCountry "USA"]
[WhiteElo "1301"]
[WhiteRD "55"]
[BlackElo "1898"]
[BlackRD "89"]
[GameID "418475"]

1. Nf3 Nf6 2. c4 g6 3. e3 d6 4. d4 Bg7 5. Be2 O-O 6. O-O Nbd7 7. Nc3 Nb6 8. b3 Bd7 9. c5 Nbd5 10. Nxd5 Nxd5
11. Bd2 dxc5 12. Bc4 Nb6 13. Bd3 Bg4 14. h3 Bxf3 15. Qxf3 cxd4 16. exd4 Bxd4 17. Rac1 c6 18. Rfe1 Bg7 19. Bc3 Bxc3 20. Rxc3 Nd5
21. Rc4 e6 22. Be4 Nf6 23. Bb1 Kg7 24. Qc3 Qe7 25. Bd3 Kg8 26. f3 Nd5 27. Qb2 Rfd8 28. Bb1 Qf6 29. Qxf6 Nxf6 30. Kh2 Rd2
31. Rec1 Rad8 32. R4c2 Rxc2 33. Rxc2 Rd1
0-1

[Event "only 10 players under 2000"]
[Site "SchemingMind.com"]
[Date "2017.09.11"]
[Round "-"]
[White "aliwood"]
[Black "Black Knight"]
[Result "0-1"]
[WhiteCountry "ENG"]
[BlackCountry "USA"]
[WhiteElo "1242"]
[WhiteRD "59"]
[BlackElo "1392"]
[BlackRD "52"]
[GameID "418477"]

1. Nf3 Nf6 2. c4 Nc6 3. e3 e5 4. d3 d5 5. Be2 Bb4+ 6. Bd2 Bxd2+ 7. Nbxd2 O-O 8. O-O Re8 9. b3 e4 10. dxe4 dxe4
11. Nd4 Nxd4 12. exd4 Qxd4 13. Qc2 Bf5 14. Qd1 e3 15. Nf3 Qxd1 16. Raxd1 Bc2 17. Rc1 Bf5 18. Nd4 Bg6 19. fxe3 Rxe3 20. Rce1 Rae8
21. h3 c5 22. Nf3 Rxe2 23. Rf2 Rxe1+ 24. Nxe1 Rxe1+ 25. Kh2 h5 26. Kg3 Ne4+
0-1

[Event "only 10 players under 2000"]
[Site "SchemingMind.com"]
[Date "2017.09.11"]
[Round "-"]
[White "Black Knight"]
[Black "aliwood"]
[Result "1-0"]
[WhiteCountry "USA"]
[BlackCountry "ENG"]
[WhiteElo "1392"]
[WhiteRD "52"]
[BlackElo "1242"]
[BlackRD "59"]
[GameID "418478"]

1. e4 e5 2. Nf3 Nc6 3. Bb5 a6 4. Bxc6 bxc6 5. Nc3 Nf6 6. d3 d5 7. O-O Bc5 8. d4 Ba7 9. dxe5 Nxe4 10. Nxe4 dxe4
11. Qxd8+ Kxd8 12. Ng5 Ke7 13. Re1 h6 14. Nxe4 Be6 15. Be3 Bxe3 16. Rxe3 Rhd8 17. Nc5 Bf5 18. Nb7 Rd5 19. c4 Rd4 20. b3 Rb8
21. Nc5 f6 22. exf6+ Kxf6 23. Nxa6 Rbd8 24. Ree1 g5 25. Nxc7 h5 26. Na6 g4 27. Nc5 g3 28. hxg3 h4 29. Re3 hxg3 30. Rxg3 Rd2
31. a4 Rd1+ 32. Rxd1 Rxd1+ 33. Kh2 Ke5 34. a5 Rf1 35. f3 Kd4 36. Ne4
1-0

[Event "only 10 players under 2000"]
[Site "SchemingMind.com"]
[Date "2017.09.11"]
[Round "-"]
[White "aliwood"]
[Black "Scooter"]
[Result "0-1"]
[WhiteCountry "ENG"]
[BlackCountry "USA"]
[WhiteElo "1242"]
[WhiteRD "59"]
[BlackElo "1688"]
[BlackRD "56"]
[GameID "418479"]

1. Nf3 Nf6 2. c4 g6 3. e3 Bg7 4. g3 O-O 5. Bg2 c6 6. O-O d5 7. d3 Bg4 8. Nc3 Nbd7 9. b3 dxc4 10. dxc4 Bxf3
11. Bxf3 Nc5 12. Qxd8 Rfxd8 13. Bb2 Nd3 14. Ba3 e6 15. Rad1 Ne5 16. Bg2 Bf8 17. Rxd8 Rxd8 18. Bxf8 Kxf8 19. Ne4 Nxe4 20. Bxe4 f5
21. Bb1 Nf3+ 22. Kg2 Nd2
0-1